Investment market update UK retail warehouse (Record no. 119343)
[ view plain ]
| 000 -LEADER | |
|---|---|
| fixed length control field | 01248cas a2200253 4500 |
| 001 - CONTROL NUMBER | |
| control field | L153575 |
| 008 - FIXED-LENGTH DATA ELEMENTS--GENERAL INFORMATION | |
| fixed length control field | 110808s2010 eng u |
| 035 ## - SYSTEM CONTROL NUMBER | |
| System control number | (Sirsi) u153575 |
| 041 0# - LANGUAGE CODE | |
| Language code of text/sound track or separate title | eng |
| 050 ## - LIBRARY OF CONGRESS CALL NUMBER | |
| Classification number | 333.33 $2 18 |
| 110 2# - MAIN ENTRY--CORPORATE NAME | |
| Corporate name or jurisdiction name as entry element | DTZ |
| 245 00 - TITLE STATEMENT | |
| Title | Investment market update UK retail warehouse |
| Medium | [electronic resource] |
| 260 ## - PUBLICATION, DISTRIBUTION, ETC. | |
| Place of publication, distribution, etc. | [S.l.] |
| Name of publisher, distributor, etc. | DTZ |
| Date of publication, distribution, etc. | 2010- |
| 362 0# - DATES OF PUBLICATION AND/OR SEQUENTIAL DESIGNATION | |
| Dates of publication and/or sequential designation | Q1 2010- |
| 490 #0 - SERIES STATEMENT | |
| Series statement | DTZ Investment Update UK Retail Warehouse |
| Volume/sequential designation | Q1 2010 |
| 520 ## - SUMMARY, ETC. | |
| Summary, etc. | A regular report on the real estate investment market including commentary, significant transactions and key data including executive summary, transaction analysis, yield, vendor and purchaser analysis, occupational demand, looking forward and contacts. |
| 554 ## - | |
| -- | Quarterly |
| 650 24 - SUBJECT ADDED ENTRY--TOPICAL TERM | |
| Topical term or geographic name entry element | DTZ INVESTMENT UPDATE UK RETAIL WAREHOUSE |
| 651 #4 - SUBJECT ADDED ENTRY--GEOGRAPHIC NAME | |
| Geographic name | United Kingdom |
| Chronological subdivision | |
| 690 ## - LOCAL SUBJECT ADDED ENTRY--TOPICAL TERM (OCLC, RLIN) | |
| Topical term or geographic name as entry element | PROPERTY-COMMERCIAL PROPERTY-COMMERCIAL PROPERTY FINANCE AND INVESTMENT |
| 690 ## - LOCAL SUBJECT ADDED ENTRY--TOPICAL TERM (OCLC, RLIN) | |
| Topical term or geographic name as entry element | PROPERTY-COMMERCIAL PROPERTY-COMMERCIAL PROPERTY MARKET |
| 856 40 - ELECTRONIC LOCATION AND ACCESS | |
| Uniform Resource Identifier | <a href="https://www.dtz.com/Global/Research?vgnLocale=en_GB">https://www.dtz.com/Global/Research?vgnLocale=en_GB</a> |
| Public note | View the report free of charge after free registration (tick Investment Market Update under Report Series tab, type UK retail warehouse and click on search) at www.dtz.com |
| 942 ## - ADDED ENTRY ELEMENTS (KOHA) | |
| Suppress in OPAC | 0 |
| Withdrawn status | Lost status | Source of classification or shelving scheme | Damaged status | Not for loan | Home library | Current library | Shelving location | Date acquired | Total Checkouts | Full call number | Barcode | Date last seen | Copy number | Price effective from | Koha item type |
|---|---|---|---|---|---|---|---|---|---|---|---|---|---|---|---|
| Dewey Decimal Classification | Virtual | Virtual | Online | 08/08/2011 | ONLINE PUBLICATION | 153575-2001 | 06/08/2019 | 1 | 06/08/2019 | Book |